| 000 | 00418cam a2200157ua 4500 | ||
|---|---|---|---|
| 003 | OSt | ||
| 008 | 241218b |||||||| |||| 00| 0 eng d | ||
| 041 | _aeng | ||
| 082 |
_a621.31 _bSTA/GE |
||
| 100 |
_aStarr, A T . _96499 |
||
| 245 | _aGeneration, Transmission and utilization of electrical power / | ||
| 250 | _a4 / | ||
| 260 |
_aLondon : _bSir Isaac Pitman & Sons Ltd , _c1962. |
||
| 300 | _a529 ; . | ||
| 942 | _cBK | ||
| 999 |
_c7337 _d7337 |
||